[Event "ICS rated standard match"]
[Site "204.178.125.65"]
[Date "2000.09.03"]
[Round "?"]
[White "BrazilianMaster"]
[Black "Hossa"]
[Result "1-0"]
[WhiteElo "2572"]
[BlackElo "2371"]
[PlyCount "171"]
[EventDate "2000.??.??"]

1. d4 Nf6 2. Nd2 b5 3. e4 Bb7 4. e5 Nd5 5. Ngf3 a6 6. a4 bxa4 7. Rxa4 d6 8. Nb3
Nb6 9. Ra1 dxe5 10. Nxe5 e6 11. Qh5 g6 12. Qe2 Ra7 13. Be3 Bg7 14. Nc5 O-O 15.
c3 Qd5 16. Bf4 N6d7 17. c4 Qxd4 18. Be3 Qxe5 19. Nd3 Qe4 20. Bxa7 Qxc4 21. Rc1
Qd5 22. Be3 Nc6 23. Qd1 Rd8 24. Qa4 Qd6 25. Qh4 Ne7 26. Bg5 f6 27. Bf4 e5 28.
Bg3 Bd5 29. Qa4 Bh6 30. Rd1 Rb8 31. Ra1 Rb6 32. f4 Bxg2 33. Bxg2 Qxd3 34. Qa2+
Rb3 35. Qxa6 Qxa6 36. Rxa6 exf4 37. Bf2 f3 38. Bh3 Rxb2 39. O-O f5 40. Rd1 Ne5
41. Bd4 Re2 42. Bxe5 Rxe5 43. Kf2 Re2+ 44. Kxf3 Rxh2 45. Bg2 Kf7 46. Ra7 Bf4
47. Kxf4 Rxg2 48. Rxc7 g5+ 49. Kf3 Rg4 50. Rcd7 h5 51. R1d5 Rf4+ 52. Kg2 Kf6
53. R7d6+ Kg7 54. Rd7 Re4 55. Rxf5 Kg6 56. Rf8 g4 57. Re8 Kf6 58. Rd6+ Kf7 59.
Rh8 Nf5 60. Rh7+ Kg8 61. Rdd7 h4 62. Kf2 g3+ 63. Kf3 Re3+ 64. Kg2 Re2+ 65. Kg1
Re1+ 66. Kg2 Rc1 67. Rh5 Ne3+ 68. Kf3 Rc3 69. Ke4 Ng2 70. Rb5 Rc4+ 71. Kf5 Rc8
72. Rbb7 Rf8+ 73. Kg4 Rf4+ 74. Kg5 Rf1 75. Rg7+ Kh8 76. Rg6 Ne3 77. Rh6+ Kg8
78. Kg6 Rf6+ 79. Kxf6 Ng4+ 80. Kg6 Ne5+ 81. Kf5 Nf7 82. Rg6+ Kf8 83. Rf6 Kg7
84. Rbxf7+ Kh8 85. Kg6 Kg8 86. Rf8# {Hossa checkmated} 1-0

[Event "ICS rated standard match"]
[Site "204.178.125.65"]
[Date "2000.09.03"]
[Round "?"]
[White "Hossa"]
[Black "BrazilianMaster"]
[Result "1/2-1/2"]
[WhiteElo "2363"]
[BlackElo "2580"]
[PlyCount "177"]
[EventDate "2000.??.??"]

1. e4 c5 2. Nf3 e6 3. d4 cxd4 4. Nxd4 Nf6 5. Nc3 Bb4 6. e5 Nd5 7. Bd2 Nxc3 8.
bxc3 Bf8 9. Nb5 Nc6 10. Nd6+ Bxd6 11. exd6 Qf6 12. Qg4 e5 13. Qg5 Qxd6 14. Qxg7
Qf8 15. Qf6 Rg8 16. g3 d5 17. Bd3 Qg7 18. Qxg7 Rxg7 19. Bh6 Rg8 20. c4 dxc4 21.
Bxc4 Bg4 22. Kd2 O-O-O+ 23. Kc3 Rg6 24. Be3 Nd4 25. Bxf7 Rc6+ 26. Kb2 Rxc2+ 27.
Ka3 Rc3+ 28. Bb3 Kd7 29. Rac1 Rd3 30. Rhe1 Nxb3 31. axb3 Be6 32. Rb1 Rc8 33.
Red1 e4 34. Rd2 Ke7 35. Rxd3 exd3 36. Rc1 Rxc1 37. Bxc1 a5 38. Bd2 b6 39. Kb2
Bf5 40. Kc3 b5 41. g4 Bxg4 42. Kxd3 a4 43. bxa4 bxa4 44. Bb4+ Ke6 45. Ke4 Bh3
46. f4 h5 47. Kd4 h4 48. Ba3 Kf5 49. Bd6 Bg4 50. Kd3 Bf3 51. Kc4 Bc6 52. Kc5
Be8 53. Kd5 h3 54. Kd4 Bg6 55. Kd5 Bf7+ 56. Kd4 Bh5 57. Kc4 Ke4 58. Kb4 Bd1 59.
Ka5 Kd5 60. Be5 Kc5 61. f5 a3 62. f6 Bb3 63. Ba1 a2 64. Ka6 Be6 65. Kb7 Kd6 66.
Kb6 Bf7 67. Kb7 Bg6 68. Kc8 Be4 69. Kd8 Bd5 70. Ke8 Bf3 71. Kf7 Bh5+ 72. Kg7
Ke6 73. Kg8 Kf5 74. f7 Bxf7+ 75. Kxf7 Ke4 76. Kf8 Kf3 77. Ke7 Kg2 78. Be5 a1=Q
79. Bxa1 Kxh2 80. Bb2 Kg3 81. Ba1 Kg4 82. Be5 Kf5 83. Bg3 Ke4 84. Bh2 Kf3 85.
Be5 Ke3 86. Bg3 Kf3 87. Bh2 Kg2 88. Bf4 h2 89. Bxh2 1/2-1/2

[Event "ICS rated standard match"]
[Site "204.178.125.65"]
[Date "2000.09.03"]
[Round "?"]
[White "BrazilianMaster"]
[Black "Hossa"]
[Result "1-0"]
[WhiteElo "2571"]
[BlackElo "2372"]
[PlyCount "85"]
[EventDate "2000.??.??"]

1. f4 c5 2. b3 d5 3. e3 d4 4. Nf3 dxe3 5. Bb2 Nf6 6. Bb5+ Bd7 7. Bxd7+ Qxd7 8.
Ne5 exd2+ 9. Nxd2 Qc7 10. O-O Nc6 11. Qf3 Nd4 12. Bxd4 cxd4 13. Qd3 e6 14. Qb5+
Nd7 15. Ne4 Rd8 16. Ng5 a6 17. Qa4 Ra8 18. b4 Be7 19. Nexf7 Rg8 20. Rae1 h6 21.
Nxe6 Qc6 22. Nxd4 Qf6 23. Nf5 Kxf7 24. Qb3+ Kf8 25. Nxe7 Rh8 26. f5 Qf7 27.
Ng6+ Kg8 28. Qxf7+ Kxf7 29. Re7+ Kf6 30. Rxd7 Rhc8 31. Nf4 Rxc2 32. Nh5+ Kg5
33. Rxg7+ Kxh5 34. Rf3 Rc1+ 35. Kf2 Rc2+ 36. Kf1 Rc1+ 37. Ke2 Rc2+ 38. Kd3 Rd2+
39. Kxd2 Rd8+ 40. Ke3 Re8+ 41. Kf4 Re3 42. Rxe3 b6 43. Rh3# {Hossa checkmated}
1-0

[Event "ICS rated standard match"]
[Site "204.178.125.65"]
[Date "2000.09.03"]
[Round "?"]
[White "Hossa"]
[Black "BrazilianMaster"]
[Result "0-1"]
[WhiteElo "2364"]
[BlackElo "2579"]
[PlyCount "138"]
[EventDate "2000.??.??"]

1. e4 e5 2. Nf3 Nc6 3. Nc3 Nf6 4. Nxe5 Nxe5 5. d4 Nc6 6. d5 Ne5 7. f4 Ng6 8. e5
Ng8 9. d6 cxd6 10. exd6 Qf6 11. Nb5 Kd8 12. Be3 Nxf4 13. Qd2 Ne6 14. O-O-O b6
15. Nxa7 Ke8 16. Bxb6 Bb7 17. Kb1 Qe5 18. Nb5 Nf6 19. Bc4 Rc8 20. Qa5 Qf4 21.
Bf1 Qg4 22. Qe1 Ne4 23. Na7 Ra8 24. Nb5 Bc6 25. Bd3 Qxg2 26. Rg1 Qf3 27. Rf1
Qg4 28. Rg1 Qf5 29. Na7 Bb7 30. Nb5 Bd5 31. a3 Bc6 32. Na7 Bb7 33. Nb5 Rc8 34.
Rf1 Qe5 35. Qa5 f6 36. Nc7+ Nxc7 37. Qxe5+ fxe5 38. dxc7 Nf6 39. Bc4 d5 40.
Bb5+ Ke7 41. b4 Ke6 42. Rg1 g6 43. Bf1 Nd7 44. Bh3+ Kd6 45. Bxd7 Kxd7 46. c4
Kc6 47. Ba5 d4 48. Rge1 Bg7 49. Rf1 e4 50. Rf7 Be5 51. b5+ Kc5 52. Rc1 Ba8 53.
h3 d3 54. Re7 Rhe8 55. Rd7 Bf4 56. Rf1 g5 57. b6 e3 58. Ka2 d2 59. Rb1 Bc6 60.
Bb4+ Kxc4 61. Rf7 Bd5 62. Rd7 Be6 63. Rd8 Rcxd8 64. cxd8=Q Rxd8 65. Re1 dxe1=R
66. Bxe1 Rd1 67. Kb2 Rxe1 68. Kc2 Be5 69. a4 Bf5# {Hossa checkmated} 0-1

[Event "ICS rated standard match"]
[Site "204.178.125.65"]
[Date "2000.09.03"]
[Round "?"]
[White "Hossa"]
[Black "lambChop"]
[Result "1-0"]
[WhiteElo "2357"]
[BlackElo "2385"]
[PlyCount "94"]
[EventDate "2000.??.??"]

1. e4 e5 2. Nf3 Nc6 3. Nc3 Nf6 4. Nxe5 Nxe5 5. d4 Nc6 6. d5 Ne5 7. f4 Ng6 8. e5
Ng8 9. d6 cxd6 10. exd6 Qf6 11. Nb5 Kd8 12. Be3 Qxb2 13. Bd4 Qb4+ 14. c3 Qb2
15. Rb1 Qxa2 16. g3 b6 17. Be2 Bb7 18. O-O Be4 19. Ra1 Qd5 20. c4 Qc6 21. f5
Nh4 22. gxh4 a6 23. Nc3 Nf6 24. Nxe4 Nxe4 25. Bf3 Bxd6 26. Re1 Re8 27. Qd3 Bc5
28. Bxe4 Qd6 29. Bd5 Rxe1+ 30. Rxe1 Ra7 31. Bxc5 Qxc5+ 32. Kg2 f6 33. Bf7 Qc6+
34. Kh3 Kc7 35. Re8 b5 36. Qe3 Ra8 37. Bd5 Rxe8 38. Qa7+ Kd6 39. Bxc6 dxc6 40.
cxb5 axb5 41. Qxg7 Re3+ 42. Kg4 Re7 43. Qxf6+ Kd7 44. Qd4+ Kc8 45. Qd6 Re4+ 46.
Kh5 Re1 47. Qxc6+ Kd8 {lambChop resigns} 1-0

[Event "ICS rated standard match"]
[Site "204.178.125.65"]
[Date "2000.09.03"]
[Round "?"]
[White "BrazilianMaster"]
[Black "Hossa"]
[Result "0-1"]
[WhiteElo "2596"]
[BlackElo "2374"]
[PlyCount "98"]
[EventDate "2000.??.??"]

1. Nf3 d5 2. d4 c6 3. c4 dxc4 4. Nc3 b5 5. a4 b4 6. Na2 b3 7. Nc3 Na6 8. Rb1
Nb4 9. e3 Nc2+ 10. Ke2 e6 11. Ne5 Bb7 12. Nxc4 Rb8 13. f3 c5 14. dxc5 Qh4 15.
e4 Bxc5 16. g3 Qe7 17. Be3 Ba6 18. Nb5 Rxb5 19. axb5 Bxb5 20. Kf2 Bxc4 21. Bxc4
Bxe3+ 22. Ke2 Qb4 23. Qd3 Bb6 24. Rbc1 Nf6 25. Bxb3 Nd4+ 26. Kf1 Qxb3 27. Rc8+
Bd8 28. Qxd4 Qxf3+ 29. Kg1 Nd7 30. Qxg7 Ke7 31. Qg5+ f6 32. Qg7+ Kd6 33. Rxd8
Rxd8 34. Qh6 Nc5 35. Qf4+ Qxf4 36. gxf4 Nd3 37. f5 Rg8+ 38. Kf1 exf5 39. exf5
Nxb2 40. h4 Rg4 41. Ke2 Ke5 42. Ra1 Ra4 43. Rb1 Rxh4 44. Kf3 Rf4+ 45. Ke2 Rb4
46. Ra1 Rb7 47. Ra5+ Kf4 48. Rd5 Rc7 49. Kf2 Nc4 0-1

[Event "ICS rated standard match"]
[Site "204.178.125.65"]
[Date "2000.09.03"]
[Round "?"]
[White "Hossa"]
[Black "BrazilianMaster"]
[Result "0-1"]
[WhiteElo "2399"]
[BlackElo "2571"]
[PlyCount "108"]
[EventDate "2000.??.??"]

1. e4 c5 2. Nf3 Nc6 3. d4 cxd4 4. Nxd4 e6 5. Nb5 d6 6. c4 Nf6 7. N5c3 Be7 8.
Be2 O-O 9. O-O b6 10. Be3 Bb7 11. Qd2 Rc8 12. Qc2 d5 13. exd5 exd5 14. cxd5
Nxd5 15. Bd3 Ncb4 16. Bxh7+ Kh8 17. Qf5 Nf6 18. Rd1 Qe8 19. a3 Nc6 20. Re1 Rd8
21. Nd2 Nxh7 22. Rad1 Bc8 23. Qh5 f5 24. Qxe8 Rfxe8 25. Nb5 Bf6 26. b3 a6 27.
Nc7 Re7 28. Na8 b5 29. Nb6 Be6 30. Bc5 Ree8 31. b4 Bc3 32. Nf3 Bxe1 33. Rxe1 g5
34. h4 gxh4 35. Nxh4 Kg7 36. Rxe6 Rxe6 37. Nxf5+ Kf7 38. g3 Nf6 39. Kg2 Rd3 40.
a4 Ne4 41. f3 Nxc5 42. bxc5 Re2+ 43. Kh3 Rxf3 44. Nd6+ Ke6 45. axb5 axb5 46.
Nxb5 Rf8 47. g4 Rf3+ 48. Kh4 Kf6 49. Nd7+ Kg6 50. Nf8+ Rxf8 51. Kg3 Ref2 52. g5
R8f3+ 53. Kh4 Rh2+ 54. Kg4 Ne5# {Hossa checkmated} 0-1

[Event "ICS rated standard match"]
[Site "204.178.125.65"]
[Date "2000.09.03"]
[Round "?"]
[White "BrazilianMaster"]
[Black "Hossa"]
[Result "1-0"]
[WhiteElo "2570"]
[BlackElo "2390"]
[PlyCount "123"]
[EventDate "2000.??.??"]

1. g3 d5 2. Bg2 c6 3. d3 Nf6 4. Nd2 e5 5. e4 dxe4 6. Nxe4 Nxe4 7. Bxe4 Bd6 8.
Qh5 Nd7 9. Qg4 g6 10. Bg2 O-O 11. Qe2 Nf6 12. Nf3 e4 13. dxe4 Nxe4 14. O-O Re8
15. Be3 Bg4 16. Qd3 Bc5 17. Nd4 Ng5 18. Rae1 Nh3+ 19. Kh1 Qb6 20. Qc4 Qb4 21.
Qxb4 Bxb4 22. c3 Bd6 23. f3 Bd7 24. f4 Bg4 25. Bf3 Bd7 26. f5 gxf5 27. Bg2 f4
28. gxf4 f6 29. f5 Ng5 30. Nb3 Nf7 31. Na5 Reb8 32. Rd1 Be8 33. Rg1 Kh8 34. Nc4
Be7 35. Rde1 Bf8 36. Bd4 Bg7 37. Re7 h6 38. Rge1 Kg8 39. a4 Bf8 40. Rc7 Bg7 41.
b4 b6 42. b5 Rc8 43. Rce7 Kf8 44. a5 Ne5 45. axb6 Kxe7 46. Bc5+ Kd8 47. Nxe5
Rcb8 48. Nxc6+ Bxc6 49. Bxc6 Rxb6 50. Re8+ Kc7 51. Re7+ Kd8 52. Rd7+ Kc8 53.
Rxg7 Rxc6 54. bxc6 Kd8 55. Bd6 Ke8 56. Re7+ Kf8 57. Rxa7+ Ke8 58. Rxa8+ Kf7 59.
Ra7+ Ke8 60. Re7+ Kd8 61. Rf7 h5 62. Rf8# {Hossa checkmated} 1-0

[Event "ICS Rated standard match"]
[Site "204.178.125.65"]
[Date "2000.09.03"]
[Round "?"]
[White "Hossa"]
[Black "lambChop"]
[Result "0-1"]
[WhiteElo "2382"]
[BlackElo "2368"]
[PlyCount "97"]
[EventDate "2000.??.??"]

1. e4 e5 2. Nf3 Nc6 3. Nc3 Nf6 4. Nxe5 Nxe5 5. d4 Ng6 6. e5 Ng8 7. Bc4 Bb4 8.
Qf3 Bxc3+ 9. bxc3 Qe7 10. O-O d6 11. Ba3 Nh4 12. Qd5 c6 13. Qxd6 Nf5 14. Qxe7+
Ngxe7 15. Rab1 b5 16. Bd3 Nd5 17. Rb3 Be6 18. Re1 a5 19. Bc5 a4 20. Ra3 Nde7
21. Rb1 Rd8 22. g4 Nh4 23. Be4 Rc8 24. c4 Bxc4 25. h3 h5 26. g5 Bd5 27. Re1 Kd7
28. f4 Bxe4 29. Rxe4 Nd5 30. g6 Nxg6 31. f5 Nge7 32. e6+ Ke8 33. Rf3 Rh6 34.
Re5 Rf6 35. Kf2 Rd8 36. a3 h4 37. Ke2 fxe6 38. Rxe6 Kf7 39. Re5 Nc8 40. Kf1
Ncb6 41. Re4 Nd7 42. c4 bxc4 43. Rxh4 Rb8 44. Rf2 c3 45. Re4 Rb2 46. Re1 Rxf2+
47. Kxf2 Nxc5 48. dxc5 Rxf5+ 49. Ke2 0-1

[Event "ICS rated blitz match"]
[Site "204.178.125.65"]
[Date "2000.09.03"]
[Round "?"]
[White "Hossa"]
[Black "lambChop"]
[Result "1-0"]
[WhiteElo "2484"]
[BlackElo "2540"]
[PlyCount "110"]
[EventDate "2000.??.??"]

1. e4 e5 2. Nf3 Nc6 3. Nc3 Nf6 4. Nxe5 Nxe5 5. d4 Ng6 6. e5 Ng8 7. Bc4 f6 8.
Qh5 Bb4 9. O-O Bxc3 10. bxc3 Qe7 11. f4 f5 12. g3 Nh6 13. a4 b6 14. Ba3 Qd8 15.
Rfe1 Bb7 16. Rab1 Qc8 17. e6 Be4 18. exd7+ Qxd7 19. h3 O-O-O 20. Bb5 Qd5 21.
Qe2 Qa2 22. Bb2 Kb8 23. a5 Rhf8 24. axb6 axb6 25. Bc4 Qa4 26. Bb3 Qc6 27. Ra1
Rf6 28. Qa6 Qb7 29. Qa2 Bh1 30. Re2 Nxf4 31. gxf4 Rg6+ 32. Kh2 Rg2+ 33. Kxh1
Rxe2+ 34. d5 Rde8 35. Bc4 Rxc2 36. Qa4 Re4 37. Qxc2 Rxc4 38. Qd3 Rxf4 39. Qb5
c6 40. dxc6 Qc7 41. c4 Nf7 42. Qa4 Rf1+ 43. Rxf1 Qg3 44. Qa3 Qxa3 45. Bxa3 Kc7
46. Rxf5 Nd8 47. Rf8 Ne6 48. Re8 Nf4 49. Re7+ Kxc6 50. Rxg7 Nxh3 51. Rxh7 Ng5
52. Rh6+ Kb7 53. Be7 Nf3 54. Bd8 Kc8 55. Bxb6 Kb7 {lambChop resigns} 1-0

[Event "ICS rated blitz match"]
[Site "204.178.125.65"]
[Date "2000.09.03"]
[Round "?"]
[White "lambChop"]
[Black "Hossa"]
[Result "1-0"]
[WhiteElo "2521"]
[BlackElo "2503"]
[PlyCount "161"]
[EventDate "2000.??.??"]

1. c4 e5 2. Nc3 Nf6 3. e3 Nc6 4. Nf3 Bb4 5. Qc2 d6 6. a3 Bxc3 7. dxc3 e4 8. Nd2
Bf5 9. f4 O-O 10. Be2 a5 11. h3 Nh5 12. O-O Ng3 13. Rf2 Qh4 14. Qb3 Rfb8 15.
Bd1 a4 16. Qa2 Re8 17. Qb1 Be6 18. Bc2 f5 19. Bd1 Bf7 20. Ra2 b6 21. Ra1 g5 22.
fxg5 Qxg5 23. c5 dxc5 24. Rf4 Ne5 25. h4 Qg6 26. h5 Nxh5 27. Rh4 Qg5 28. Rh3
Ng4 29. Nf1 Nhf6 30. Bd2 Bb3 31. Bxb3+ axb3 32. c4 Rad8 33. Bc3 Nd7 34. Qd1
Nde5 35. Qxb3 Nd3 36. Rg3 Qh4 37. Qc2 Rd7 38. Rh3 Qg5 39. Rd1 Rde7 40. Rd2 Re6
41. Qa4 Rd8 42. Qa7 Re7 43. b4 cxb4 44. axb4 f4 45. exf4 Qxf4 46. g3 Qf5 47.
Nh2 Ngf2 48. Rh4 Rf7 49. Qa4 c5 50. bxc5 bxc5 51. Qa5 Rb8 52. Qa1 Rfb7 53. Nf1
Qf3 54. Qa6 Re7 55. Qd6 Rbe8 56. Qd5+ Rf7 57. Qg5+ Kf8 58. Qh6+ Ke7 59. Qg5+
Kd7 60. Qxc5 Nh3+ 61. Kh2 Nhf2 62. Qa7+ Kd8 63. Ba5+ Kc8 64. Qa8+ Kd7 65. Qd5+
Ke7 66. Bb4+ Kf6 67. Rh6+ Kg7 68. Qg5+ Kh8 69. Bc3+ Ne5 70. Bxe5+ Rxe5 71.
Qxe5+ Kg8 72. Rd8+ Rf8 73. Qe6+ Kh8 74. Rxh7+ Kxh7 75. Rd7+ Qf7 76. Rxf7+ Rxf7
77. Qxf7+ Kh6 78. Ne3 Nd3 79. Qf6+ Kh7 80. Nf5 Kg8 81. Qg7# {Hossa checkmated}
1-0

[Event "ICS Rated standard match"]
[Site "204.178.125.65"]
[Date "2000.09.03"]
[Round "?"]
[White "taxadviser"]
[Black "Hossa"]
[Result "1-0"]
[WhiteElo "2455"]
[BlackElo "2365"]
[PlyCount "71"]
[EventDate "2000.??.??"]

1. d4 d5 2. c4 e6 3. Nc3 Nf6 4. Bg5 Be7 5. e3 O-O 6. Nf3 h6 7. Bh4 b6 8. Be2
dxc4 9. Bxc4 c5 10. dxc5 Bxc5 11. Qe2 Bb7 12. Rd1 Qe7 13. e4 g5 14. Nxg5 b5 15.
Nh3 bxc4 16. e5 Rd8 17. Bxf6 Rxd1+ 18. Qxd1 Qc7 19. Qg4+ Kf8 20. O-O Qb6 21.
Rd1 Na6 22. Nf4 Bxf2+ 23. Kh1 Bc5 24. Qg7+ Ke8 25. Qg8+ Bf8 26. Nh5 Bd5 27.
Nxd5 Qd6 28. exd6 Kd7 29. Qxf7+ Kc6 30. Nc7 Rc8 31. Nxa6 Bxd6 32. Qxe6 Kb5 33.
Qxd6 Rc6 34. Rd5+ Kb6 35. Qb8+ Kxa6 36. Qb5# {Hossa checkmated} 1-0

[Event "ICS rated standard match"]
[Site "204.178.125.65"]
[Date "2000.09.03"]
[Round "?"]
[White "Hossa"]
[Black "tiger10"]
[Result "0-1"]
[WhiteElo "2353"]
[BlackElo "2267"]
[PlyCount "76"]
[EventDate "2000.??.??"]

1. e4 c5 2. Nf3 e6 3. d4 cxd4 4. Nxd4 Nf6 5. Nc3 d6 6. Be2 a6 7. O-O Be7 8. Be3
O-O 9. Qd2 b5 10. Bf3 Ne8 11. e5 d5 12. Bh5 Bb7 13. a3 Nd7 14. f4 Nb6 15. b3 g6
16. Bf3 Qc7 17. g4 Ng7 18. Bg2 Nd7 19. Nf3 Rac8 20. Bd4 f5 21. h3 b4 22. Na2
fxg4 23. hxg4 Qxc2 24. axb4 Qxd2 25. Nxd2 Rc2 26. Nb1 h5 27. g5 Nf5 28. Bf2 Rb2
29. Rc1 Bd8 30. b5 Ne7 31. bxa6 Rxf4 32. axb7 Rfxf2 33. Bh3 Bb6 34. Bxe6+ Kg7
35. Rc2 Rbxc2 36. Nd2 Rcxd2 37. Bxd7 Rh2+ 38. Kf1 Rh1# {Hossa checkmated} 0-1

[Event "ICS rated standard match"]
[Site "204.178.125.65"]
[Date "2000.09.03"]
[Round "?"]
[White "JOL"]
[Black "Hossa"]
[Result "1-0"]
[WhiteElo "2242"]
[BlackElo "2333"]
[PlyCount "143"]
[EventDate "2000.??.??"]

1. e4 e5 2. Nf3 Nc6 3. Bb5 a6 4. Bxc6 dxc6 5. Nc3 f6 6. O-O Bd6 7. d4 exd4 8.
Nxd4 Ne7 9. Qh5+ g6 10. Qh4 c5 11. Nf3 O-O 12. Be3 b5 13. Rad1 Qe8 14. Bh6 Rf7
15. Rfe1 Nc6 16. Nd5 Qe6 17. e5 fxe5 18. Ng5 Qf5 19. Nxf7 Qxf7 20. Nf6+ Kh8 21.
Ne4 Be7 22. Bg5 Bxg5 23. Nxg5 Qe7 24. Rd5 h5 25. Nf3 Qxh4 26. Nxh4 Kg7 27. Rxc5
Bb7 28. Nf3 e4 29. Rxe4 Rd8 30. Re1 Rd7 31. c4 b4 32. Rd5 Rxd5 33. cxd5 Nd8 34.
Re7+ Nf7 35. Ne5 Bxd5 36. Rxc7 Bxa2 37. Nc6 a5 38. Nxa5 Be6 39. Nc6 b3 40. Ne5
h4 41. Nf3 h3 42. Nd4 Bd5 43. gxh3 Kf6 44. Rc5 Bb7 45. f4 Nd6 46. Nxb3 Nf5 47.
Re5 Bc6 48. Kf2 Bh1 49. Nc5 Kf7 50. b4 Nd4 51. Ne4 Bxe4 52. Rxe4 Nf5 53. Re5
Nd6 54. h4 Kf6 55. h5 gxh5 56. Rxh5 Kg6 57. Rg5+ Kf6 58. h4 Ne4+ 59. Ke3 Nd6
60. h5 Kf7 61. h6 Kf6 62. b5 Nf7 63. h7 Nd6 64. h8=Q+ Kf7 65. Qh7+ Ke6 66. Re5+
Kf6 67. Qe7+ Kg6 68. Qxd6+ Kg7 69. Re7+ Kg8 70. b6 Kf8 71. b7 Kg8 72. b8=R# {
Hossa checkmated} 1-0

[Event "ICS rated standard match"]
[Site "204.178.125.65"]
[Date "2000.09.03"]
[Round "?"]
[White "Hossa"]
[Black "PostModernist"]
[Result "0-1"]
[WhiteElo "2313"]
[BlackElo "2448"]
[PlyCount "109"]
[EventDate "2000.??.??"]

1. d4 Nf6 2. c4 g6 3. Nc3 d5 4. Qb3 dxc4 5. Qxc4 Bg7 6. e4 O-O 7. Nf3 Na6 8.
Be2 c5 9. dxc5 Qa5 10. O-O Be6 11. Qa4 Qxa4 12. Nxa4 Nxe4 13. Bxa6 bxa6 14. Re1
Bd5 15. Bf4 Rac8 16. Rac1 f5 17. b3 Bc6 18. Be3 Bxa4 19. bxa4 Nc3 20. Ng5 Nxa2
21. Rc4 Bc3 22. Re2 Rb8 23. g3 Rb4 24. Rxb4 Nxb4 25. Bf4 Nd5 26. Be5 h6 27. Ne6
Rc8 28. h4 Kf7 29. Kg2 Bxe5 30. Rxe5 Kf6 31. f4 Nb4 32. Re3 a5 33. Kf1 Kf7 34.
h5 gxh5 35. Kg2 Nc6 36. Kh3 Rb8 37. Nc7 Rb2 38. Nd5 Rd2 39. Nc3 h4 40. gxh4 Rd4
41. Kg3 e5 42. Rf3 e4 43. Re3 Rc4 44. Nb5 Rxa4 45. Re2 Rb4 46. Nd6+ Ke6 47. Rd2
Rb3+ 48. Kg2 e3 49. Rd1 e2 50. Re1 Nd4 51. Nc4 a4 52. c6 a3 53. c7 Kd7 54. Rc1
Nc2 55. Nd2 {Hossa resigns} 0-1

[Event "ICS rated blitz match"]
[Site "204.178.125.65"]
[Date "2000.09.03"]
[Round "?"]
[White "Hossa"]
[Black "PostModernist"]
[Result "1-0"]
[WhiteElo "2488"]
[BlackElo "2749"]
[PlyCount "165"]
[EventDate "2000.??.??"]

1. d4 Nf6 2. c4 c5 3. d5 g6 4. Nc3 Bg7 5. e4 d6 6. Nf3 O-O 7. Be2 e6 8. Bg5 h6
9. Bh4 exd5 10. cxd5 g5 11. Bg3 Nh5 12. Nd2 Nxg3 13. hxg3 f5 14. Nc4 Qe7 15.
exf5 Bxf5 16. Qd2 Bd7 17. Ne3 a5 18. O-O a4 19. a3 Bd4 20. Nb5 Bxb5 21. Bxb5
Qf6 22. Ra2 b6 23. Ng4 Qg7 24. Qe2 h5 25. Ne3 Ra5 26. Bd3 Bxe3 27. Qxe3 Qf6 28.
Qe2 g4 29. f4 Kh8 30. Rf2 Ra7 31. Bb5 Qf5 32. Qc4 Nd7 33. Ra1 Nf6 34. Rd1 Qe4
35. Qc3 Ra5 36. Re2 Qh7 37. Qc4 h4 38. gxh4 Qxh4 39. f5 Nh5 40. Rde1 Ng7 41.
Rf1 Rxf5 42. Re4 Qf6 43. Rxf5 Qxf5 44. Rxg4 Qe5 45. Qe2 Qxe2 46. Bxe2 Kh7 47.
Bd3+ Kh8 48. Rh4+ Kg8 49. Bh7+ Kh8 50. Kh2 Ra8 51. Kh3 Ne8 52. Bc2+ Kg7 53.
Bxa4 Nf6 54. Bc6 Ra7 55. Kh2 Re7 56. Rh3 Ng4+ 57. Kg3 Ne3 58. b3 Nc2 59. Bb5
Nxa3 60. Bd3 Re5 61. Rh7+ Kg8 62. Kf4 Rxd5 63. Bg6 Rd2 64. g4 Rf2+ 65. Kg5 d5
66. Rb7 b5 67. Bf5 Re2 68. Ra7 b4 69. Kf6 Re8 70. Be6+ Kh8 71. Rd7 d4 72. Rd5
Rxe6+ 73. Kxe6 Kg7 74. Rg5+ Kf8 75. Rxc5 d3 76. Kf6 Ke8 77. g5 d2 78. Re5+ Kd7
79. Rd5+ Kc6 80. Rxd2 Nb5 81. g6 Nc7 82. Rc2+ Kb6 83. Rxc7 1-0

[Event "ICS rated blitz match"]
[Site "204.178.125.65"]
[Date "2000.09.03"]
[Round "?"]
[White "counterplay"]
[Black "Hossa"]
[Result "1-0"]
[WhiteElo "2724"]
[BlackElo "2514"]
[PlyCount "137"]
[EventDate "2000.??.??"]

1. e4 e5 2. Nf3 Nc6 3. d4 exd4 4. Nxd4 Nf6 5. Nxc6 bxc6 6. Bd3 d5 7. e5 Ng4 8.
O-O Bc5 9. Qe2 Qh4 10. h3 Nh6 11. Bb5 Bb7 12. Ba6 Bxa6 13. Qxa6 Kd7 14. Nd2 Nf5
15. Qd3 Ng3 16. Re1 Rae8 17. Nb3 Bxf2+ 18. Kxf2 Ne4+ 19. Ke2 Rxe5 20. Be3 Qg3
21. Kd1 Rhe8 22. Qf1 Nd6 23. Bf2 Rxe1+ 24. Bxe1 Qe3 25. Bf2 Qf4 26. Nc5+ Kd8
27. Nd3 Qf6 28. c3 Ne4 29. Kc2 Nxf2 30. Nxf2 Qg6+ 31. Nd3 c5 32. Qf3 c6 33. Kd2
Qg5+ 34. Nf4 Qf5 35. Rf1 Re4 36. Nd3 Qg5+ 37. Kc2 Qg6 38. Qxf7 Re2+ 39. Kc1
Qg5+ 40. Kb1 Qg3 41. Nxc5 Qg6+ 42. Qxg6 hxg6 43. Rf7 a5 44. g4 Rh2 45. Rxg7
Rxh3 46. Nb7+ Ke8 47. Nxa5 Rh1+ 48. Kc2 c5 49. Rxg6 c4 50. Rg5 Rh2+ 51. Kc1
Rh1+ 52. Kd2 Rh2+ 53. Ke3 Rxb2 54. Rxd5 Rxa2 55. Nxc4 Rg2 56. Nd6+ Kf8 57. g5
Kg7 58. c4 Kh7 59. c5 Kg8 60. Ne4 Rc2 61. Rd7 Rc1 62. g6 Re1+ 63. Kf4 Rf1+ 64.
Ke5 Re1 65. c6 Kh8 66. c7 Rc1 67. Rh7+ Kg8 68. Nf6+ Kf8 69. Rf7# {
Hossa checkmated} 1-0

[Event "ICS rated blitz match"]
[Site "204.178.125.65"]
[Date "2000.09.03"]
[Round "?"]
[White "PostModernist"]
[Black "Hossa"]
[Result "0-1"]
[WhiteElo "2726"]
[BlackElo "2507"]
[PlyCount "124"]
[EventDate "2000.??.??"]

1. e4 e6 2. d4 d5 3. Nd2 c5 4. Ngf3 Nf6 5. exd5 exd5 6. Bb5+ Bd7 7. Bxd7+ Nbxd7
8. O-O Be7 9. dxc5 Nxc5 10. Nd4 O-O 11. Nf5 Re8 12. Nb3 Qc7 13. Nxe7+ Rxe7 14.
Nxc5 Qxc5 15. Bg5 Re6 16. Be3 Qb5 17. Bd4 Rc8 18. a4 Qe2 19. Bxf6 Qxd1 20.
Raxd1 gxf6 21. Rd2 Re4 22. b3 Kg7 23. f3 Re3 24. g4 f5 25. gxf5 Kf6 26. f4 d4
27. Rxd4 Rxc2 28. Rd6+ Kxf5 29. Rh6 Rxb3 30. Rxh7 Rbb2 31. Rh5+ Kf6 32. Rh6+
Kg7 33. Rh4 Ra2 34. f5 Kf6 35. Rh6+ Ke5 36. Rh7 a6 37. Rh4 b5 38. axb5 axb5 39.
Rh5 f6 40. Re1+ Re2 41. Rf1 b4 42. Rh8 Rg2+ 43. Kh1 b3 44. Re8+ Kd4 45. Rd1+
Rad2 46. h4 Rxd1+ 47. Kxg2 Rd2+ 48. Kf3 b2 49. Rb8 Kc3 50. Rc8+ Kb3 51. Rb8+
Kc2 52. Rc8+ Kd1 53. Rb8 Kc1 54. Ke3 Rh2 55. Rc8+ Rc2 56. Rg8 Rc3+ 57. Kf4 Rc4+
58. Kf3 Rxh4 59. Rg1+ Kd2 60. Kg3 Rd4 61. Rb1 Kc2 62. Rh1 Rd3+ 0-1

[Event "ICS rated blitz match"]
[Site "204.178.125.65"]
[Date "2000.09.03"]
[Round "?"]
[White "Hossa"]
[Black "PostModernist"]
[Result "0-1"]
[WhiteElo "2532"]
[BlackElo "2701"]
[PlyCount "90"]
[EventDate "2000.??.??"]

1. d4 Nf6 2. c4 g6 3. Nc3 d5 4. Qb3 dxc4 5. Qxc4 Bg7 6. e4 c6 7. Nf3 Be6 8. Qb4
b5 9. Bd3 Bg4 10. Ne5 O-O 11. Nxg4 Nxg4 12. Ne2 Na6 13. Qc3 c5 14. Bxb5 cxd4
15. Qa3 Nc7 16. Bc6 Rb8 17. Bg5 d3 18. Nc3 d2+ 19. Bxd2 Nxf2 20. Rf1 Nd3+ 21.
Ke2 Nxb2 22. Nd5 Nxd5 23. exd5 Nc4 24. Qxa7 Rb2 25. Rad1 Qd6 26. Kd3 Qe5 27.
Rf2 Nxd2 28. Rfxd2 Rb4 29. Qe3 Rd4+ 30. Ke2 Re4 31. Qxe4 Qxe4+ 32. Kf2 Bc3 33.
Rd3 Rb8 34. Kg1 Rb2 35. d6 Qxc6 36. Rd5 e6 37. d7 Qb6+ 38. Rc5 Qxc5+ 39. Kh1
Ba5 40. d8=R+ Bxd8 41. Rxd8+ Kg7 42. Rd1 Qf2 43. Rg1 Rxa2 44. h3 Qg3 45. Rf1
Qxg2# {Hossa checkmated} 0-1